00809nam a2200109Ia 4500008004100000245002200041300027600063650000900339856026000348999001900608952007200627170517s9999 xx 000 0 und d aAmerican Hardcore aThe history of hardcore punk--the tougher, faster, and more politically minded stepchild of the '70s punk movement that arose in the '80s--is examined in exuberant detail in Paul Rachman's documentary American Hardcore. Rachman's cameras careen across the landscape of... xArt. uThe history of hardcore punk--the tougher, faster, and more politically minded stepchild of the '70s punk movement that arose in the '80s--is examined in exuberant detail in Paul Rachman's documentary American Hardcore. Rachman's cameras careen across the c333110d333110 001040aCLbCLd2017-05-17l0r2017-05-17 00:00:00w2017-05-17yDF